LEADER 00883nam0-2200313---450- 001 990009431570403321 005 20110923120033.0 010 $a978-88-96350-01-0 035 $a000943157 035 $aFED01000943157 035 $a(Aleph)000943157FED01 035 $a000943157 100 $a20110923d2009----km-y0itay50------ba 101 0 $aita 102 $aIT 105 $a--------001yy 200 1 $a<>linguaggi della guerra$fa cura di Valerio Magrelli 210 $aSanta Maria Capua Vetere$cEdizioni Spartaco$d2009 215 $a230 p.$d21 cm 610 0 $aLetteratura$aTema della guerra 676 $a809.933 58 702 1$aMagrelli,$bValerio 801 0$aIT$bUNINA$gREICAT$2UNIMARC 901 $aBK 912 $a990009431570403321 952 $a809.93358 MAG 1$bDip.f.m.18367$fFLFBC 959 $aFLFBC 996 $aLinguaggi della guerra$9759575 997 $aUNINA LEADER 01012nam0-2200349---450 001 990009604360403321 005 20230317093818.0 010 $a88-7781-795-X 035 $a000960436 035 $aFED01000960436 035 $a(Aleph)000960436FED01 100 $a20120712d2006----km-y0itay50------ba 101 0 $aita 102 $aIT 105 $ay---a---001yy 200 1 $aBreve storia di Napoli$fLeonardo di Mauro, Giovanni Vitolo 210 $aOspedaletto $cPacini editore$d2006 215 $a159 p.$d18 cm 610 0 $aNapoli$aStoria 700 1$aDi Mauro,$bLeonardo$f<1948- >$08451 701 1$aVitolo,$bGiovanni$f<1948- >$037580 801 0$aIT$bUNINA$gRICA$2UNIMARC 901 $aBK 912 $a990009604360403321 952 $aSEZ.NA A 152$b18988$fFARBC 952 $aSEZ.NA A 161$b19469$fFARBC 952 $aFONDO ROSSI 4851$bROSSI 4972$fFARBC 952 $a02.381$b10333$fDARST 959 $aFARBC 959 $aDARST 996 $aBreve storia di Napoli$9849676 997 $aUNINA